000 00547nam a2200145Ia 4500
008 090124s9999 xx 000 0 und d
082 _b34521
245 _a कोलाज ( आर्थिक विकास व सामाजिक )
250 _a1
260 _bबोबडे प्रकाश स.
_c2007
300 _a219
630 _a कोलाज ( आर्थिक विकास व सामाजिक )
730 _a कोलाज ( आर्थिक विकास व सामाजिक )
942 _cBOOK
999 _c200520
_d200520